000 00555pab a2200181 454500
008 180718b2012 xxu||||| |||| 00| 0 eng d
100 _aBiondi, Yuri
245 _aShould business and non-business accounting be different? A comparative perspective applied to the French central government
260 _c2012
300 _ap.603-619.
362 _aJul
650 _aCentral government - France
650 _aAccounting - France
650 _aAccounting
773 _aInternational Journal of Public Administration
908 _aN
909 _a98077
999 _c98076
_d98076